| 000 | 00686nam a2200205 i 4500 | ||
|---|---|---|---|
| 001 | 124983 | ||
| 003 | ES-MaACL | ||
| 005 | 20230906192530.0 | ||
| 007 | t| | ||
| 008 | 070425s1933 sp ||||1| spa d | ||
| 080 | _a331.46 | ||
| 100 | 1 |
_aGarcía Ormaechea, Rafael. _955058 |
|
| 245 | 1 | 3 |
_aLa enfermedad profesional / _cpor Rafael García Ormaechea. |
| 260 |
_aMadrid : _b[s.n.], _c1933 ( _fSobrinos Sucesores de Minuesa de los Ríos) |
||
| 300 |
_a13 p. ; _c22 cm. |
||
| 490 | 1 |
_aPublicaciones del Instituto Nacional de Previsión ; _v382 |
|
| 830 | 0 |
_aPublicaciones del Instituto Nacional de Previsión ; _v382 _9181151 |
|
| 852 |
_aES-MaACL _jC-12643(1) |
||
| 999 |
_c124983 _d124983 |
||